Представление документа в формате RUSMARC

ПолеНазваниеЗначение
  Тип записи a
  Библиографический уровень a
001 Контрольный номер RU/CBS_UL/BASE/ab851802833a472e87cfbddffbe081cb
005 Дата корректировки 20260417142659.4
100 Данные общей обработки __
a Данные общей обработки 20260417 ||| 0rusy0189 ca
101 Язык документа 0_
a Язык текста rus
102 Страна публикации __
a Страна публикации RU
200 Заглавие и сведения об ответственности 1_
a Заглавие Задачи Росгвардии
300 Общие примечания __
a Общие примечания 12+
461 Уровень набора _0
1 2000
a На боевом посту
463 Уровень физической единицы _0
1 2000
a № 3
v С. 16-59 : фото
1 2101
d 2026
1 001RU/CBS_UL/BASE/9609588a06854ceba43430fc69aa08e1
606 Тематические рубрики 0_
a Основная рубрика Росгвардия
610 Ключевые слова 0_
a Ключевые слова Росгвардия
610 Ключевые слова 0_
a Ключевые слова задачи Росгвардии
610 Ключевые слова 0_
a Ключевые слова обеспечение безопасности
610 Ключевые слова 0_
a Ключевые слова безопасность государственная
610 Ключевые слова 0_
a Ключевые слова государственная безопасность
610 Ключевые слова 0_
a Ключевые слова охрана государственных границ
610 Ключевые слова 0_
a Ключевые слова охрана государственных объектов
610 Ключевые слова 0_
a Ключевые слова авиация Росгвардии
610 Ключевые слова 0_
a Ключевые слова флот Росгвардии
610 Ключевые слова 0_
a Ключевые слова вооружение Росгвардии
610 Ключевые слова 0_
a Ключевые слова специальные отряды быстрого реагирования
610 Ключевые слова 0_
a Ключевые слова СОБР
610 Ключевые слова 0_
a Ключевые слова ОМОН
610 Ключевые слова 0_
a Ключевые слова спецназовцы Росгвардии
610 Ключевые слова 0_
a Ключевые слова краповые береты
686 Индексы других классификаций __
2 Код системы rubbk
a Классификационный индекс 68.572(2Рос)
801 Источник записи _0
a Страна RU
b Организация МБУК ЦБС г. Ульяновска
c Дата составления 20260417
g Правила каталогизации RCR
801 Источник записи _1
a Страна RU
b Организация МБУК ЦБС г. Ульяновска
c Дата составления 20260417
g Правила каталогизации RCR
901 Тип документа __
t Тип документа b
w Контрольный № источника RU/CBS_UL/BASE/9609588a06854ceba43430fc69aa08e1
909 Создатель записи __
a Создатель записи lib2